[Event "Czech Open"]
[Site "Pardubice CZE"]
[Date "2001.07.20"]
[Round "1"]
[White "Hasangatin,R"]
[Black "Seel,C"]
[Result "1-0"]
[WhiteElo "2482"]
[BlackElo "2266"]

1.e4 d6 2.d4 Nf6 3.Nc3 e5 4.dxe5 dxe5 5.Qxd8+ Kxd8 6.Bc4 Be6 7.Bxe6 fxe6
8.f3 Bd6 9.Nh3 a6 10.Be3 Nbd7 11.O-O-O Ke7 12.Nf2 b5 13.Rd2 Rhb8 14.h4 Nb6
15.b3 Ba3+ 16.Kd1 Bb4 17.Rd3 c5 18.Bg5 c4 19.Re3 Rd8+ 20.Kc1 cxb3 21.axb3 Rac8
22.Nb1 Bc5 23.Re2 h6 24.Be3 Bd4 25.Nd3 Nbd7 26.Bd2 Nh5 27.Rd1 Nc5 28.Bb4 a5
29.Bxc5+ Bxc5 30.Nxc5 Rxd1+ 31.Kxd1 Rxc5 32.c3 Rc7 33.Ra2 Ra7 34.Kc2 Nf4
35.g4 b4 36.Nd2 bxc3 37.Nc4 Ne2 38.Nxe5 Kd6 39.Nc4+ Kc5 40.Ra4 Nd4+ 41.Kxc3 Nxf3
42.h5 Nh2 43.Ne5 Nf1 44.Kd3 Kd6 45.Nc4+ Kc5 46.Ra1 Nh2 47.Ne5 Kd6 48.Kd4 Rb7
49.Rh1 Nxg4 50.Nxg4 Rxb3 51.Ne5 Rb5 52.Nc4+ Ke7 53.Rg1 Rxh5 54.Rxg7+ Kf6
55.Ra7 Rb5 56.e5+ Kg6 57.Re7 h5 58.Rxe6+ Kg5 59.Re8 h4 60.Rh8 a4 61.Ke4 Rb4
62.Rg8+ Kh6 63.Kd5 Kh5 64.Nd6 a3 65.e6 a2 66.e7 Rd4+ 67.Kc6 a1=Q 68.e8=Q+  1-0

[Event "3rd Open"]
[Site "Patras GRE"]
[Date "2001.07.20"]
[Round "3"]
[White "Shavtvaladze,N"]
[Black "Gelashvili,T"]
[Result "0-1"]
[WhiteElo "2360"]
[BlackElo "2506"]

1.e4 d6 2.d4 Nf6 3.Nc3 Nbd7 4.Nf3 e5 5.Bc4 Be7 6.O-O O-O 7.Re1 c6 8.a4 b6
9.b3 a6 10.Bb2 Qc7 11.d5 c5 12.Nh4 g6 13.g3 Ne8 14.Ng2 Bf6 15.Qd2 Qd8 16.Kh1 Rb8
17.f4 Nc7 18.Ne3 b5 19.Bf1 exf4 20.gxf4 Bd4 21.Ncd1 Bxb2 22.Nxb2 Re8 23.Bg2 Qh4
24.Nf1 Nf6 25.e5 dxe5 26.d6 Ne6 27.fxe5 Ng4 28.Kg1 Ng5 29.axb5 axb5 30.d7 Bxd7
31.Qxd7 Qf2+ 32.Kh1 Nf3 33.Bxf3 Qxf3+ 34.Kg1 Rbd8 35.e6 fxe6 36.Qxb5 Nf2  0-1

[Event "XXI Open"]
[Site "Cullera ESP"]
[Date "2001.07.21"]
[Round "3"]
[White "Pilgaard,K"]
[Black "Toledano Llinares,J"]
[Result "1-0"]
[WhiteElo "2438"]
[BlackElo "2338"]

1.e4 d6 2.d4 Nf6 3.Nc3 e5 4.dxe5 dxe5 5.Qxd8+ Kxd8 6.Bg5 Be6 7.O-O-O+ Kc8
8.f4 exf4 9.Bxf4 Ng4 10.Nh3 Bc5 11.Be2 Ne3 12.Na4 Nxg2 13.Nxc5 Bxh3 14.Bg3 Ne3
15.Rd3 Nc4 16.Bf4 Be6 17.Nxe6 fxe6 18.Bg4 b5 19.Bxe6+ Kb7 20.Rb3 Nb6 21.Rxb5 Re8
22.Bh3 Nc6 23.Re1 a6 24.Rc5 Rad8 25.Bg2 Nd7 26.Rg5 Re7 27.Rg3 Nde5  1-0

[Event "Open"]
[Site "Novosibirsk RUS"]
[Date "2001.07.21"]
[Round "3"]
[White "Frolov,D"]
[Black "Yudin,S"]
[Result "0-1"]
[WhiteElo "2446"]
[BlackElo "2288"]

1.e4 d6 2.d4 Nf6 3.Nc3 e5 4.Nf3 Nbd7 5.Bc4 Be7 6.O-O O-O 7.dxe5 dxe5 8.Qe2 c6
9.a4 a5 10.Ng5 Bc5 11.Be3 Qe7 12.Rad1 h6 13.Nf3 Re8 14.Nh4 Nf8 15.Nf5 Bxf5
16.exf5 N8d7 17.Rfe1 e4 18.Bf4 Ne5 19.Ba2 Neg4 20.Rf1 e3 21.fxe3 Bxe3+ 22.Kh1 Qc5
23.Bd6 Qb6 24.Bxf7+ Kh8 25.Qf3 Bd4 26.Be6 Rad8 27.Bg3 Ne3 28.Ne2 Nxd1 29.Rxd1 Be5
30.Rf1 Bxg3 31.Qxg3 Rd2 32.Nf4 Ne4 33.Ng6+ Kh7 34.Qf3 Nf2+ 35.Kg1 Ng4+ 36.Kh1 Rf2
37.Rxf2 Nxf2+ 38.Kg1 Nh3+ 39.Kf1 Qg1+ 40.Ke2 Ng5 41.Qg4 Rd8 42.Bd7 Qc5  0-1

[Event "Czech Open"]
[Site "Pardubice CZE"]
[Date "2001.07.24"]
[Round "5"]
[White "Zvara,P"]
[Black "Neumann,P"]
[Result "1/2-1/2"]
[WhiteElo "2340"]
[BlackElo "2438"]

1.e4 d6 2.d4 Nf6 3.Nc3 e5 4.Nf3 Nbd7 5.Bc4 Be7 6.O-O O-O 7.Qe2 c6 8.a4 exd4
9.Nxd4 Re8 10.Ba2 Bf8 11.Qf3 Ne5 12.Qd1 a5 13.h3 Qb6 14.Be3 Qb4 15.Bg5 Qxb2
16.Qd2 Qb6 17.Bxf6 gxf6 18.Rab1 Qc5 19.Nce2 Ng6 20.Ng3 Rb8 21.Rfe1 Be6 22.Bb3 Kh8
23.Ndf5 b5 24.axb5 Rxb5 25.Nd4 Rb4 26.c3 Rb6 27.Ba4 Reb8 28.Rxb6 Rxb6 29.Qe3 Be7
30.f4 Bd7 31.f5 Ne5 32.Nh5 Rb8 33.Qh6 Rg8 34.Nxf6 Bxf6 35.Qxf6+ Rg7 36.Re3 Nc4
37.Rg3 Qe5 38.Qd8+ Qe8 39.Qf6 Qe5 40.Qd8+ Qe8 41.Qf6  1/2-1/2

[Event "MTO"]
[Site "Biel SUI"]
[Date "2001.07.26"]
[Round "4"]
[White "Vuckovic,Bo"]
[Black "Rasch,H"]
[Result "1-0"]
[WhiteElo "2497"]
[BlackElo "2238"]

1.e4 d6 2.d4 Nf6 3.Nc3 e5 4.Nf3 Nbd7 5.Bc4 Be7 6.O-O O-O 7.a4 c6 8.Qe2 Qc7
9.Rd1 a5 10.Ba2 b6 11.d5 c5 12.Bc4 Ne8 13.Ra3 Nb8 14.Rb3 Bf6 15.Bb5 Bd8 16.h3 Bd7
17.Nd2 Bxb5 18.Nxb5 Qe7 19.Nc4 Na6 20.f4 f6 21.Qg4 Nac7 22.Nc3 f5 23.exf5 Nf6
24.Qe2 e4 25.Rxb6 Ncxd5 26.Nxd5 Nxd5 27.Rxd6  1-0

[Event "Czech Open"]
[Site "Pardubice CZE"]
[Date "2001.07.26"]
[Round "7"]
[White "De Vreugt,D"]
[Black "Jonker,M"]
[Result "1/2-1/2"]
[WhiteElo "2429"]
[BlackElo "2317"]

1.e4 d6 2.d4 Nf6 3.Nc3 c6 4.f4 Qa5 5.Bd3 e5 6.Nf3 Bg4 7.Be3 Qb6 8.Qd2 exf4
9.Bf2 Bxf3 10.gxf3 Nh5 11.O-O-O Nd7 12.e5 d5 13.Bf5 g6 14.Bg4 Ng7 15.Qxf4 Qc7
16.Rde1 Ne6 17.Qd2 Nb6 18.b3 Qe7 19.Kb1 Qb4 20.Ka1 Qa5 21.h4 Bb4 22.Re3 c5
23.Bxe6 fxe6 24.Be1 Rc8 25.h5 g5 26.h6 Rf8 27.Kb1 c4 28.Rg1 Rf4  1/2-1/2

[Event "Czech Open"]
[Site "Pardubice CZE"]
[Date "2001.07.26"]
[Round "7"]
[White "Bromberger,S"]
[Black "Neumann,P"]
[Result "1/2-1/2"]
[WhiteElo "2353"]
[BlackElo "2438"]

1.e4 d6 2.d4 Nf6 3.Nc3 e5 4.dxe5 dxe5 5.Qxd8+ Kxd8 6.Bc4 Be6 7.Bxe6 fxe6
8.f3 Bc5 9.Na4 Bd6 10.Be3 Nbd7 11.Ne2 Ke7 12.O-O-O b5 13.Nac3 a6 14.a4 c6
15.Kd2 h6 16.Nc1 Nc5 17.Ke2 Nb7 18.Nd3 Nd7 19.Rd2 Rhd8 20.Rhd1 Rac8 21.b3 Ndc5
22.Bxc5 Nxc5 23.Nxc5 Bxc5 24.Rxd8 Rxd8 25.Rxd8 Kxd8 26.Nd1 Bd4 27.c3 Bg1
28.h3 Kc7 29.Nb2 Kd6 30.Nd3 Bh2  1/2-1/2

[Event "MTO"]
[Site "Biel SUI"]
[Date "2001.07.27"]
[Round "5"]
[White "Balenovic,Z"]
[Black "Klinova,M"]
[Result "0-1"]
[WhiteElo "2210"]
[BlackElo "2384"]

1.e4 d6 2.d4 Nf6 3.Nc3 c6 4.f4 Qa5 5.Bd3 e5 6.Nf3 Bg4 7.dxe5 dxe5 8.fxe5 Nfd7
9.O-O Nxe5 10.Be2 Bxf3 11.Bxf3 Nbd7 12.Kh1 O-O-O 13.a3 f6 14.Qe2 Bd6 15.Bf4 g5
16.Bg3 Qc7 17.Rad1 Kb8 18.Bg4 h5 19.Bxd7 Rxd7 20.Rxf6 h4 21.Bxe5 Bxe5 22.Rxd7 Qxd7
23.Rf3 Qe7 24.h3 Re8 25.Rd3 Qf7 26.Qf3 Qe7 27.Qf5 Rf8  0-1

[Event "Czech Open"]
[Site "Pardubice CZE"]
[Date "2001.07.27"]
[Round "8"]
[White "Lindberg,Be"]
[Black "Voloshin,L"]
[Result "1-0"]
[WhiteElo "2318"]
[BlackElo "2426"]

1.e4 d6 2.d4 Nf6 3.Nc3 e5 4.Nf3 Nbd7 5.Bc4 Be7 6.O-O O-O 7.Re1 c6 8.a4 a5
9.Ba2 Qc7 10.h3 h6 11.Be3 Re8 12.dxe5 dxe5 13.Nh4 Bc5 14.Bd2 Nf8 15.Qf3 Qe7
16.Rad1 Kh7 17.Nf5 Bxf5 18.exf5 e4 19.Qg3 Bd6 20.Bf4 Bxf4 21.Qxf4 N8d7 22.Qc7 Nc5
23.Qf4 Kg8 24.Rd4 Qe5 25.Qxe5 Rxe5 26.g4 Rc8 27.Nd1 Nh7 28.h4 Kf8 29.Ne3 Nf6
30.Red1 h5 31.g5 Ng4 32.g6 fxg6 33.fxg6 Nxe3 34.fxe3 Rf5 35.Bf7 Rxf7 36.gxf7 Kxf7
37.Rf1+ Ke6 38.Rf4 Rg8 39.Kf1 g5 40.hxg5 Rxg5 41.Rh4 Rf5+ 42.Ke1 Rg5 43.b3 Ke7
44.Rd2 Kf7 45.Rf4+ Ke7 46.Rh2 Nd7 47.Rxe4+ Ne5 48.Ke2 Kf6 49.Rf2+ Ke6 50.Rf8 Kd5
51.Ref4 Rg2+ 52.Kf1 Rg7 53.Rd4+ Kc5 54.Rf5 Re7 55.Ke2 b5 56.Rxh5 Re8 57.c3 b4
58.cxb4+ axb4 59.Re4 Kd6 60.Rxb4 Nd7 61.Rd4+ Kc7 62.Rh7 Rd8 63.b4 Kc8 64.a5 c5
65.bxc5 Nxc5 66.Rxd8+ Kxd8 67.Rh5 Ne4 68.Kd3 Nf6 69.Rh6 Ng4 70.Rh5 Nf6 71.Rf5 Nd7
72.Rd5 Kc7 73.Rxd7+ Kxd7 74.Kd4 Kc6 75.Kc4  1-0

[Event "Ladies"]
[Site "Hasselbacken SWE"]
[Date "2001.07.28"]
[Round "1"]
[White "Berg,Su"]
[Black "Agrest,S"]
[Result "1/2-1/2"]
[WhiteElo "2076"]
[BlackElo "2218"]

1.e4 d6 2.d4 Nf6 3.Nc3 e5 4.Nf3 Nbd7 5.Bc4 Be7 6.O-O O-O 7.a4 c6 8.Ba2 b6
9.Re1 a6 10.Bg5 Bb7 11.Bh4 b5 12.Bg3 b4 13.Nb1 exd4 14.Nxd4 g6 15.Nd2 c5
16.N4f3 Nh5 17.Nc4 Nxg3 18.hxg3 Qc7 19.Qd2 Rad8 20.Qf4 Kg7 21.Rad1 Nf6 22.g4 Ne8
23.g5 f6 24.Qh4 fxg5 25.Nxg5 Bxg5 26.Qxg5 Rd7 27.Qg3 Qd8 28.e5 Rf5 29.e6 Re7
30.Ne3 Rf6 31.Ng4 Rf5 32.Ne3 Rf6 33.Ng4 Rf5  1/2-1/2

[Event "ch-Paris Open"]
[Site "Paris FRA"]
[Date "2001.07.28"]
[Round "8"]
[White "Van de Oudeweetering,A"]
[Black "Philippe,C"]
[Result "1/2-1/2"]
[WhiteElo "2409"]
[BlackElo "2298"]

1.e4 d6 2.d4 Nf6 3.Nc3 Nbd7 4.Nf3 e5 5.Bc4 Be7 6.O-O O-O 7.Re1 c6 8.a4 b6
9.d5 cxd5 10.Bxd5 Nxd5 11.Nxd5 Bb7 12.c4 Rc8 13.b3 Nc5 14.b4 Ne6 15.Qe2 Ba6
16.b5 Bb7 17.a5 Bxd5 18.cxd5 Nc5 19.axb6 axb6 20.Ba3 Qd7  1/2-1/2

[Event "Ladies"]
[Site "Hasselbacken SWE"]
[Date "2001.07.30"]
[Round "3"]
[White "Gretarsdottir,L"]
[Black "Agrest,S"]
[Result "1-0"]
[WhiteElo "2053"]
[BlackElo "2218"]

1.e4 d6 2.d4 Nf6 3.Nc3 e5 4.Nf3 Nbd7 5.Bc4 Be7 6.O-O O-O 7.Re1 c6 8.a4 b6
9.h3 a6 10.Ba2 Bb7 11.Nh4 Nxe4 12.Nxe4 Bxh4 13.dxe5 dxe5 14.Qg4 Bc8 15.Rd1 Qe7
16.Be3 Kh8 17.Nd6 Nc5 18.Qb4 Be6 19.Qxb6 Bxa2 20.Bxc5 Bd5 21.c4 Rfb8 22.Qa5 Be6
23.Qc3 Qf6 24.Rd2 Qg6 25.Rad1 Bf6 26.b4 h5 27.Qf3 Bg5 28.Re2 Bf4 29.Kh1 h4
30.Qxc6 Bxc4 31.Rb2 Be6 32.b5 axb5 33.axb5 Qh5 34.Rdb1 e4 35.b6 Bd5 36.Qb5 Qg6
37.Be3 Bxd6 38.Qxd5 Ba3 39.Rb3 Be7 40.b7 Ra6 41.Qc4 Qd6 42.Qxe4 Qf6 43.Bd4 Ra4
44.Rb4 Rxb4 45.Rxb4 Qd6 46.Rb6 Qd8 47.Be5 Qxb6 48.Bxb8 Qd8 49.Bf4 Qd1+ 50.Kh2 Bd6
51.b8=Q+  1-0

[Event "Smith & Williamson ch-GBR"]
[Site "Scarborough HUN"]
[Date "2001.08.01"]
[Round "3"]
[White "McDonnell,J"]
[Black "Willmoth,R"]
[Result "0-1"]
[WhiteElo "2047"]
[BlackElo "2239"]

1.e4 d6 2.d4 Nf6 3.Nc3 c6 4.f4 Qa5 5.Bd3 e5 6.Nf3 Bg4 7.Be3 Nbd7 8.O-O Be7
9.h3 Bh5 10.Qe1 Bxf3 11.Rxf3 Nh5 12.fxe5 dxe5 13.d5 O-O 14.a3 Rae8 15.b4 Qc7
16.Qf2 a5 17.dxc6 bxc6 18.b5 Nf4 19.Bf1 cxb5 20.Nxb5 Qc6 21.Bxf4 exf4 22.Qd2 Ne5
23.Rb3 Qxe4 24.Qxa5 Qxc2 25.Qc3 Bc5+ 26.Kh1 Qf2 27.Be2 f3 28.Bxf3 Nxf3 29.Qxf3 Re1+
30.Rxe1 Qxe1+ 31.Kh2 Bg1+ 32.Kh1 Bf2+  0-1

[Event "HZ Open"]
[Site "Vlissingen NED"]
[Date "2001.08.01"]
[Round "6"]
[White "Nieuwelink,K"]
[Black "Werner,Cle"]
[Result "0-1"]
[WhiteElo "2205"]
[BlackElo "2395"]

1.e4 d6 2.d4 Nf6 3.Nc3 e5 4.Nf3 Nbd7 5.Bc4 Be7 6.O-O O-O 7.h3 c6 8.a4 b6
9.Qe2 a6 10.Rd1 Qc7 11.Ba2 Bb7 12.Bg5 h6 13.Bh4 Rae8 14.Qd2 Rd8 15.Qe2 Kh7
16.Nh2 g6 17.Rd2 b5 18.f3 Kg7 19.Nd1 bxa4 20.c3 Nb6 21.Bf2 Nh5 22.Be3 Bh4
23.Nf2 Bg3 24.Nd3 a5 25.Nf1 Bh4 26.f4 exf4 27.Nxf4 Nxf4 28.Bxf4 Bg5 29.Qe3 Qe7
30.Ng3 Rde8 31.h4 Bxf4 32.Qxf4 Bc8 33.Re1 Be6 34.Bb1 Nc4 35.Rde2 Qf6 36.Qxf6+ Kxf6
37.Bd3 Rb8 38.Bxc4 Bxc4 39.Rf2+ Kg7 40.Ra1 Bb3 41.Re1 Rfe8 42.h5 Rb7 43.hxg6 fxg6
44.Nf1 Rf8 45.Rxf8 Kxf8 46.Re2 Bc4 47.Rf2+ Ke7 48.Nd2 Bd3 49.Rf3 Ba6 50.e5 dxe5
51.dxe5 Rxb2 52.Ne4 a3  0-1

[Event "Mipap Cup"]
[Site "Olomouc CZE"]
[Date "2001.08.02"]
[Round "1"]
[White "Colin,V"]
[Black "Krapivin,V"]
[Result "1-0"]
[WhiteElo "2327"]
[BlackElo "2339"]

1.e4 d6 2.d4 Nf6 3.Nc3 e5 4.f3 Be7 5.Be3 O-O 6.Qd2 Nbd7 7.Bc4 Nb6 8.Be2 exd4
9.Bxd4 c5 10.Bf2 d5 11.e5 d4 12.exf6 dxc3 13.Qxd8 Bxd8 14.fxg7 Re8 15.bxc3 Bf6
16.Kf1 Bxc3 17.Rd1 Be6 18.Bxc5 Na4 19.Ba3 Red8 20.Bd3 b5 21.Ne2 b4 22.Bc1 Bxg7
23.Kf2 Nb2 24.Bxb2 Bxb2 25.Rb1 Ba3 26.Nf4 Bxa2 27.Ra1 Bd5 28.Rhe1 a5 29.Re5 Bb2
30.Rg5+ Kh8 31.Ra4 Bc1 32.Rxd5 Bxf4 33.Rf5 Bh6 34.Rxf7 Bg7 35.Be4 Ra6 36.Ke2 Kg8
37.Rf5 Bc3 38.Raxa5 Rxa5 39.Rxa5 Rd2+ 40.Ke3 Rxg2 41.Ra8+ Kg7 42.Ra7+ Kf6
43.Rxh7 Bd2+ 44.Kd3 Bf4 45.h3 Rg7 46.Rh8 Rd7+ 47.Kc4 Bd2 48.Rh5 Rc7+ 49.Kd3 Rd7+
50.Ke2 Bc1 51.Kf2 Rd2+ 52.Kg3 Re2 53.Rb5 Bd2 54.Rb6+ Ke5 55.Rb5+ Kf6 56.h4 Be1+
57.Kh3 Bd2 58.h5 Re1 59.Kg2 Re2+ 60.Kg3 Re1 61.Kf2 Rh1 62.Ke2 Rh2+ 63.Kd3 Kg7
64.Bg6 Kf6 65.f4 Bxf4 66.Rf5+  1-0

[Event "Ladies"]
[Site "Hasselbacken SWE"]
[Date "2001.08.03"]
[Round "7"]
[White "Horn,E"]
[Black "Agrest,S"]
[Result "0-1"]
[WhiteElo "2012"]
[BlackElo "2218"]

1.e4 d6 2.d4 Nf6 3.Nc3 e5 4.dxe5 dxe5 5.Qxd8+ Kxd8 6.Nf3 Bd6 7.Bc4 Be6 8.Bxe6 fxe6
9.Be3 Nc6 10.O-O-O Ke7 11.a3 Rhb8 12.Nd2 b5 13.f3 a5 14.a4 bxa4 15.Nxa4 Rb4
16.b3 Nd4 17.Nc4 Nc6 18.Rd3 h6 19.Rhd1 Ne8 20.g3 Rb5 21.Nxd6 cxd6 22.Rc3 Nb4
23.Kd2 Ra6 24.Ke2 Rc6 25.Rxc6 Nxc6 26.Rd3 Nb4 27.Rd2 Na6 28.Rd3 Nb4 29.Rd2 Rb8
30.Bb6 Ra8 31.c3 Nc6 32.h3 Nf6 33.Bc7 Ne8 34.Bb6 Rb8 35.g4 Rb7 36.c4 Nf6
37.Rd3 Nd7 38.Be3 Nd4+ 39.Bxd4 exd4 40.Rxd4 Rxb3 41.c5 Nxc5 42.e5 Nb7 43.exd6+ Nxd6
44.Nc5 Rb5 45.Nd3 Nc8 46.f4 Nb6 47.Ne5 a4 48.Nc6+ Kf6 49.Rd3 Nd5 50.Rf3 Rb3
51.Nd4 Rxf3 52.Kxf3 Nxf4 53.h4 g5 54.hxg5+ hxg5 55.Ke4 a3 56.Nc2 a2 57.Na1 Ng6
58.Kf3 Ne5+ 59.Kg3 Nc4  0-1

[Event "Mipap Cup"]
[Site "Olomouc CZE"]
[Date "2001.08.03"]
[Round "2"]
[White "Jasny,S"]
[Black "Krapivin,V"]
[Result "1/2-1/2"]
[WhiteElo "2301"]
[BlackElo "2339"]

1.e4 d6 2.d4 Nf6 3.Nc3 e5 4.f4 exd4 5.Qxd4 Nc6 6.Bb5 Bd7 7.Qf2 Be7 8.Nf3 O-O
9.Bd2 a6 10.Bd3 Nb4 11.O-O Nxd3 12.cxd3 c5 13.e5 Ng4 14.Qe2 Nh6 15.Nd5 Bc6
16.Ba5 Qd7 17.Nb6 Qc7 18.Rac1 Rae8 19.d4 Nf5 20.Rfd1 Nxd4 21.Nxd4 cxd4 22.Qd2 Qb8
23.Qxd4 dxe5 24.fxe5 Bg5 25.Rxc6 bxc6 26.Nd7 Qb5 27.Bb4 Be3+ 28.Qxe3 Qxb4
29.Nxf8 Kxf8 30.b3 Qa5 31.Re1 h6 32.h3 Re6 33.a4 f6 34.Rc1 Rxe5 35.Qf2 c5
36.Qf1 Kg8 37.Qc4+ Kh8 38.Rd1 Re1+ 39.Rxe1 Qxe1+ 40.Kh2 Qe5+ 41.Kg1 Qd6 42.Qg4 Kg8
43.Qc8+ Kf7 44.Qb7+ Kg6 45.a5 Qd4+ 46.Kh2 c4 47.bxc4 Qxc4 48.Qb6 Qd3 49.Qb8 h5
50.Qe8+ Kg5 51.Qe7 Kh6 52.Qf8 Qe4 53.Qh8+ Kg6 54.Qd8 h4 55.Qb6 Qd3 56.Qc7 Qe2
57.Qb6 Kg5 58.Kg1 Kh6 59.Kh2 Kh5 60.Kg1 Kg5 61.Kh2 Qf1 62.Qb7 Kh6 63.Qb6 Qd3
64.Kg1 Kh7 65.Kh2 Qf1 66.Qd4 g5 67.Qd8 Qf4+ 68.Kh1 Qe5 69.Qb6 Qe1+ 70.Kh2 Qf1
71.Qd8 Kg7 72.Qe7+ Kg6 73.Qe8+ Kf5 74.Qd7+ Ke5 75.Qc7+ Kd5 76.Qb7+ Kd4 77.Qb6+ Kc3
78.Qb7 Qc4 79.Qb6 Kc2 80.Kg1 Kc3 81.Kh1 Qf1+ 82.Kh2 f5 83.Qf6+ Kb4 84.Qxg5 Kxa5
85.Qxh4 Kb5 86.Qd4 a5 87.Qd5+ Kb4 88.Qd6+ Kb5 89.Qd5+ Kb4 90.Qd6+ Kb5 91.Qd5+ Kb4
92.Qd6+  1/2-1/2

[Event "Smith & Williamson ch-GBR"]
[Site "Scarborough HUN"]
[Date "2001.08.03"]
[Round "5"]
[White "Rutherford,E"]
[Black "Simons,M"]
[Result "0-1"]
[WhiteElo "2117"]
[BlackElo "2215"]

1.e4 d6 2.d4 Nf6 3.Nc3 c6 4.Be3 Qb6 5.Qd2 Qxb2 6.Rd1 Qb6 7.Bc4 e6 8.d5 Qc7
9.a4 cxd5 10.Bb5+ Nbd7 11.exd5 e5 12.Bg5 a6 13.Bxf6 gxf6 14.Be2 Nc5 15.Ra1 Qa5
16.Ne4 Qxd2+ 17.Nxd2 Bf5 18.Ra2 Rc8 19.f3 Bh6 20.Nc4 Ke7 21.g3 Bg7 22.Kf2 Rc7
23.g4 Bg6 24.Ne3 Bh6 25.Nf5+ Bxf5 26.gxf5 Nd7 27.a5 Rc3 28.Nh3 Be3+ 29.Ke1 Rhc8
30.Kd1 R8c5 31.Bd3 Rxd3+ 32.cxd3 Rc1+ 33.Ke2 Rxh1 34.Kxe3 Re1+ 35.Kd2 Rh1
36.Ke3 Nc5 37.Rb2 Ra1 38.Rg2 Rxa5 39.Rg7 b5 40.Rxh7 b4 41.Nf2 b3 42.Nd1 Na4
43.Rh4 b2 44.Nxb2 Nxb2 45.Rh8 Rxd5 46.Ra8 Nxd3 47.Rxa6 Kf8  0-1

[Event "Smith & Williamson ch-GBR"]
[Site "Scarborough HUN"]
[Date "2001.08.03"]
[Round "5"]
[White "Collins,S"]
[Black "Willmoth,R"]
[Result "1-0"]
[WhiteElo "2194"]
[BlackElo "2239"]

1.e4 d6 2.d4 Nf6 3.Nc3 c6 4.f4 Qa5 5.e5 Ne4 6.Qf3 d5 7.Bd3 Na6 8.Ne2 Nb4
9.O-O Nxd3 10.cxd3 Nxc3 11.bxc3 g6 12.a4 h5 13.Ba3 Bg4 14.Qe3 Qa6 15.Rfb1 h4
16.Nc1 b6 17.a5 Bf5 18.Bb4 Qc8 19.Nb3 Bh6 20.Rb2 Rg8 21.Rba2 b5 22.Nc5 g5
23.Qf2 e6 24.a6 h3 25.Nb7 Kd7 26.Nd6 gxf4 27.Nxc8 Raxc8 28.Qh4 Bg5 29.Qh5 Rg7
30.Qf3 Rcg8 31.Rb2 Bh6 32.Raa2 Bg4 33.Qf1 hxg2 34.Qc1 Rg6 35.c4 f3 36.Bd2 f2+
37.Kxf2 g1=Q+ 38.Qxg1 Bh3 39.Qxg6 Rxg6 40.Bxh6 Rxh6 41.cxb5 cxb5 42.Rxb5 Bf5
43.Rb7+ Kd8 44.Ke1  1-0

[Event "Nordic Championships"]
[Site "Bergen NOR"]
[Date "2001.08.04"]
[Round "1"]
[White "Lauridsen,Jesper"]
[Black "Lobzhanidze,D"]
[Result "1-0"]
[WhiteElo "2223"]
[BlackElo "2501"]

1.e4 d6 2.d4 Nf6 3.Nc3 Nbd7 4.f4 e5 5.Nf3 exd4 6.Qxd4 c6 7.Be3 d5 8.O-O-O Bc5
9.Qd2 Bb4 10.exd5 Ne4 11.Qd4 Nxc3 12.Qxg7 Qf6 13.Qxf6 Nxf6 14.bxc3 Ba3+ 15.Kb1 Nxd5
16.Bd2 Rg8 17.c4 Nb6 18.Re1+ Kf8 19.f5 f6 20.Bh6+ Kf7 21.Nd4 Nd7 22.Be2 Ne5
23.Bh5+ Ke7 24.g4 Bb4 25.Re2 Bc3 26.Rd1 Rd8 27.Rxe5+ fxe5 28.Nxc6+ Kf6 29.Nxd8 Bd4
30.h4 Ke7 31.Bg5+ Kd6 32.c3 Kc5 33.cxd4+ exd4 34.Be7+ Kxc4 35.Bf7+ Kc3 36.a3 a5
37.h5 Ra6 38.Rc1+ Kd3 39.Bc4+  1-0

[Event "Open"]
[Site "Korinthos GRE"]
[Date "2001.08.04"]
[Round "8"]
[White "Bellia,F"]
[Black "Nikolaidis,I"]
[Result "1/2-1/2"]
[WhiteElo "2401"]
[BlackElo "2531"]

1.e4 d6 2.d4 Nf6 3.Nc3 c6 4.f4 Qa5 5.Bd3 e5 6.Nf3 Bg4 7.dxe5 dxe5 8.fxe5 Nfd7
9.Bf4 Nxe5 10.Bxe5 Bxf3 11.Qxf3 Qxe5 12.Bc4 f6 13.O-O-O Bd6 14.Rd3 Qf4+ 15.Kb1 Qxf3
16.gxf3 Ke7 17.Rhd1 Rd8 18.e5 fxe5 19.Ne4 Bc7 20.Rxd8 Bxd8 21.Rg1 g6 22.Bg8 Bb6
23.Rg2 Nd7 24.Bxh7 Rf8 25.Rg3 Rh8 26.Bxg6 Rxh2 27.a3 Rh1+ 28.Ka2 Rg1 29.Rxg1 Bxg1
30.c4  1/2-1/2

[Event "Mipap Cup"]
[Site "Olomouc CZE"]
[Date "2001.08.04"]
[Round "4"]
[White "Tokmachev,M"]
[Black "Krapivin,V"]
[Result "1/2-1/2"]
[WhiteElo "2313"]
[BlackElo "2339"]

1.e4 d6 2.d4 Nf6 3.Nc3 e5 4.Nf3 Nbd7 5.Bc4 Be7 6.O-O O-O 7.Qe2 c6 8.a4 Qe8
9.h3 Bd8 10.Rd1 Ba5 11.dxe5 dxe5 12.Bd2 Nc5 13.Rab1 Ne6 14.b4 Bb6 15.a5 Nd4
16.Qd3 Nxf3+ 17.Qxf3 Bd8 18.Bg5  1/2-1/2

[Event "Nordic Championships"]
[Site "Bergen NOR"]
[Date "2001.08.05"]
[Round "2"]
[White "Georgiev,Vl"]
[Black "Schmidt Schaeffer,S"]
[Result "1-0"]
[WhiteElo "2584"]
[BlackElo "2323"]

1.e4 d6 2.d4 Nf6 3.Nc3 Nbd7 4.Nf3 e5 5.Bc4 Be7 6.O-O O-O 7.Re1 c6 8.a4 b6
9.Bg5 a6 10.Bxf6 Bxf6 11.d5 c5 12.Bf1 g6 13.Nd2 Bg5 14.Nc4 Qc7 15.g3 Rb8
16.Qe2 Kg7 17.Bh3 h5 18.Rf1 b5 19.axb5 axb5 20.Ne3 Bxe3 21.Qxe3 b4 22.Ne2 Nf6
23.Bxc8 Qxc8 24.Kg2 Ra8 25.h3 Rxa1 26.Rxa1 Qb7 27.Re1 Qa6 28.Ng1 Qc4 29.Re2 Ra8
30.Nf3 Ra2 31.b3 Qxe4 32.Qxe4 Nxe4 33.Rxe4 Rxc2 34.Kf1 f5 35.Re2 Rc3 36.Nd2 Rd3
37.Ke1 Rxd5 38.Nc4 Kf6 39.Ra2 Ke6 40.Ke2 e4 41.Nb2 g5 42.Ra8 f4 43.Re8+ Kf5
44.Rf8+ Ke5 45.Nc4+ Ke6 46.Re8+ Kf5 47.gxf4 gxf4 48.Rf8+ Kg5 49.Rd8 Rd3 50.Rxd6 Rxb3
51.Nd2 Rb2 52.Rd5+ Kh4 53.Rxc5 Kxh3 54.Re5 e3 55.Kf3 Kh4 56.Ne4 b3 57.Rf5 Rxf2+
58.Nxf2 exf2 59.Kxf2  1-0

[Event "Slavonija"]
[Site "Vukovar CRO"]
[Date "2001.08.05"]
[Round "4"]
[White "Brkic,A"]
[Black "Jovanovic,Zo2"]
[Result "1-0"]
[WhiteElo "2331"]
[BlackElo "2407"]

1.d4 d6 2.e4 Nf6 3.Nc3 e5 4.dxe5 dxe5 5.Qxd8+ Kxd8 6.Bg5 c6 7.O-O-O+ Ke8
8.f3 Bb4 9.Nge2 Be6 10.Be3 Nbd7 11.a3 Bc5 12.Bxc5 Nxc5 13.Ng3 a5 14.Nf5 g6
15.Nd6+ Ke7 16.Nc4 Bxc4 17.Bxc4 b5 18.Be2 Rhd8 19.Rxd8 Rxd8 20.Rd1 Rxd1+
21.Kxd1 Ke6 22.Kd2 h6 23.g3 h5 24.Ke3 Ng8 25.f4 Nd7 26.Bf3 Nf8 27.f5+ gxf5
28.exf5+ Kxf5 29.Bxc6 b4 30.axb4 axb4 31.Nd5 b3 32.cxb3 Nf6 33.Nxf6 Kxf6
34.b4 Ne6 35.b5 Nd4 36.Ke4 Ke6 37.Bd5+ Ke7 38.b6  1-0

[Event "Nordic Championships"]
[Site "Bergen NOR"]
[Date "2001.08.06"]
[Round "3"]
[White "Holmsten,A"]
[Black "Georgiev,Vl"]
[Result "1/2-1/2"]
[WhiteElo "2436"]
[BlackElo "2584"]

1.e4 d6 2.d4 Nf6 3.Nc3 e5 4.dxe5 dxe5 5.Qxd8+ Kxd8 6.Bc4 Be6 7.Bxe6 fxe6
8.Be3 Bb4 9.O-O-O+ Nbd7 10.Nge2 Ke7 11.a3 Bd6 12.f3 a6 13.Rd3 b5 14.Rhd1 Rhb8
15.Nb1 h6 16.h4 Ne8 17.c4 Rb7 18.Nd2 Rab8 19.b4 c6 20.c5 Bc7 21.g4 Nf8 22.g5 hxg5
23.Bxg5+ Nf6 24.f4 exf4 25.Nd4 Rc8 26.Nxc6+ Ke8 27.e5 Ng4 28.Ne4 Nxe5 29.Nxe5 Bxe5
30.Nd6+ Bxd6 31.Rxd6 a5 32.Bxf4 axb4 33.axb4 Rd7 34.Rxd7 Nxd7 35.Rd6 Ke7
36.Bg5+ Nf6 37.Rb6 Kd7 38.Rxb5 Nd5 39.Bd2 Rh8 40.Be1 Ra8 41.Ra5 Rxa5 42.bxa5 Kc6
43.Kd2 Kxc5 44.Kd3 g6 45.Ke4 Kb5 46.Ke5 Ne3 47.Kxe6 Ng2 48.Kf6 Nxe1 49.Kxg6 Ng2
50.h5 Nf4+ 51.Kg5 Nxh5 52.Kxh5 Kxa5  1/2-1/2

[Event "Inline Czechia Cup"]
[Site "Olomouc CZE"]
[Date "2001.08.06"]
[Round "7"]
[White "Kim,Se"]
[Black "Kasparov,S"]
[Result "1/2-1/2"]
[WhiteElo "2219"]
[BlackElo "2494"]

1.e4 d6 2.d4 Nf6 3.Nc3 e5 4.dxe5 dxe5 5.Qxd8+ Kxd8 6.Bc4 Be6 7.Bxe6 fxe6
8.Nf3 Bd6 9.Be3 Ke7 10.h3 a6 11.Nd2 Nc6 12.Ne2 h6  1/2-1/2

[Event "Smith & Williamson ch-GBR"]
[Site "Scarborough HUN"]
[Date "2001.08.06"]
[Round "7"]
[White "Anderson,J"]
[Black "Simons,M"]
[Result "0-1"]
[WhiteElo "2161"]
[BlackElo "2215"]

1.e4 d6 2.d4 Nf6 3.Nc3 c6 4.f4 Qa5 5.Bd3 d5 6.e5 Ne4 7.Bd2 Nxd2 8.Qxd2 g6
9.Nf3 Na6 10.Ne2 Qxd2+ 11.Kxd2 Nb4 12.c3 Nxd3 13.Kxd3 Bg4 14.Ke3 e6 15.h3 Bxf3
16.Kxf3 c5 17.dxc5 Bxc5 18.Nc1 Ke7 19.Nb3 Rac8 20.Rhe1 Rhd8 21.Rad1 b5 22.a3 Rd7
23.Rd3 Rdc7 24.Re2 Bb6 25.g4 a5 26.Nd4 Bxd4 27.Rxd4 Rc4 28.Red2 h6 29.Ke3 Kd7
30.Rxc4 Rxc4 31.Rd4 Kc6 32.h4 Kd7 33.Kd3 a4 34.Rxc4 bxc4+ 35.Ke3 Kc6 36.Kd4 Kb6
37.f5 g5 38.hxg5 hxg5 39.fxe6 fxe6 40.Ke3 Kc5  0-1

[Event "Nordic Championships"]
[Site "Bergen NOR"]
[Date "2001.08.07"]
[Round "4"]
[White "Toma,K"]
[Black "Schmidt Schaeffer,S"]
[Result "1-0"]
[WhiteElo "2174"]
[BlackElo "2323"]

1.e4 d6 2.d4 Nf6 3.Nc3 Nbd7 4.Bc4 e5 5.Nf3 Be7 6.O-O O-O 7.h3 c6 8.a4 b6
9.b3 a6 10.Bb2 Bb7 11.Bd3 Re8 12.Ne2 d5 13.Ng3 dxe4 14.Nxe4 Nxe4 15.Bxe4 Nf6
16.Re1 exd4 17.Qd3 Nxe4 18.Qxe4 Bb4 19.Qxe8+ Qxe8 20.Rxe8+ Rxe8 21.Nxd4 g6
22.Rd1 Rd8 23.c3 Be7 24.Re1 Bf6 25.b4 c5 26.bxc5 bxc5 27.Nb3 Rc8 28.Ba3 c4
29.Nc5 Bxc3 30.Rc1 Bb2 31.Bxb2 Rxc5 32.Bd4 Rc8 33.a5 h6 34.Bc3 g5 35.Rb1 Rc7
36.Rd1 Kh7 37.Rd8 Rc8 38.Rd7 Bc6 39.Rxf7+ Kg8 40.Rg7+ Kf8 41.Rh7 Re8 42.Rxh6 Bb5
43.Rg6 Rd8 44.Rxg5 Rd3 45.Rg3 Rxg3 46.fxg3 Kf7 47.Kf2 Kg6 48.g4 Bc6 49.h4 Bd7
50.Kg3 Bc6 51.Kh3 Ba4 52.h5+ Kg5 53.Bd2+ Kf6 54.g5+ Kf5 55.g6 c3 56.Bxc3 Bd1
57.Kh4  1-0

[Event "Stork YM"]
[Site "Hengelo NED"]
[Date "2001.08.07"]
[Round "3"]
[White "Vink,N"]
[Black "Firman,N"]
[Result "0-1"]
[WhiteElo "2281"]
[BlackElo "2511"]

1.e4 d6 2.d4 Nf6 3.Nc3 Nbd7 4.Nf3 e5 5.Bc4 Be7 6.O-O c6 7.dxe5 dxe5 8.a4 O-O
9.h3 Qc7 10.Be3 Nc5 11.Nd2 Ne6 12.Qb1 Nh5 13.Rd1 Nhf4 14.Bf1 h5 15.b4 h4
16.a5 Ng5 17.b5 Qd6 18.a6 Qg6 19.Kh1 bxa6 20.bxc6 Qxc6 21.Nd5 Bd8 22.c4 f5
23.c5 Nfxh3 24.Qb3 Kh8 25.Nc4 f4 26.Nxe5 Qe6 27.Bd4 Nxf2+ 28.Kg1 Nfxe4 29.Bd3 f3
30.Qc2 f2+ 31.Kh1 Rf3 32.Ng6+ Qxg6 33.gxf3 Ng3+ 34.Kg2 Qf7 35.Be2 f1=Q+ 36.Rxf1 Bh3+
37.Kg1 Bxf1 38.Rxf1 Qxd5 39.Rd1 Nxe2+ 40.Qxe2 Nxf3+ 41.Kf1 Nxd4 42.Rxd4 Qh1+  0-1